| 000 | 00828cam a22002537a 4500 | ||
|---|---|---|---|
| 001 | 13550482 | ||
| 005 | 20180814061859.0 | ||
| 008 | 040407s2003 alua b 000 0 eng d | ||
| 010 | _a 2003094291 | ||
| 020 | _a0967991137 | ||
| 035 | _a(OCoLC)ocm54438645 | ||
| 040 |
_aGGS _cGGS _dDLC |
||
| 041 | _aeng | ||
| 042 | _alccopycat | ||
| 080 | _a618.92 | ||
| 082 | 0 | 0 |
_a618.92 _222 |
| 100 | 1 | _a25 | |
| 101 | _aEDU | ||
| 245 | 1 | 2 |
_aA bird's-eye view of life with ADD and ADHD : _cby Chris A. Zeigler Dendy, Alex Zeigler. |
| 504 | _aIncludes bibliographical references (p. 174-175). | ||
| 906 |
_a7 _bcbc _ccopycat _d3 _encip _f20 _gy-gencatlg |
||
| 942 |
_2ddc _cBK |
||
| 999 |
_c47110 _d47110 |
||